[Event "IECC M email"]
[Site "IECC email"]
[Date "2000.06.08"]
[Round "?"]
[White "Gee, Woody"]
[Black "Cunningham, Don"]
[Result "1-0"]
[WhiteElo "1133"]
[BlackElo "917"]
[PlyCount "153"]
[EventDate "2000.??.??"]
[EventType "tourn (corr)"]
[EventRounds "2"]
[SourceTitle "Corr 2008"]
[Source "ChessBase"]
[SourceDate "2008.06.24"]
[SourceVersion "1"]
[SourceVersionDate "2008.06.24"]
[SourceQuality "1"]

1. e4 e5 2. Nf3 Nf6 3. a3 Nc6 4. d4 Nxe4 5. Bd3 d5 6. dxe5 Bc5 7. Be3 b6 8. Nc3 Bxe3 9. fxe3 0-0 10. Nxe4 dxe4 11. Bxe4 Bb7 12. b4 Rb8 13. g3 Qe7 14. 0-0 Nxe5 15. Nxe5 Qxe5 16. Bxb7 Qxe3+ 17. Rf2 Rxb7 18. Qe2 Qxe2 19. Rxe2 Rbb8 20. Rae1 Rfd8 21. c4 Kf8 22. Re7 Rbc8 23. h4 Rd3 24. Kh2 Rxa3 25. Rd7 Rf3 26. Kg2 Rf6 27. Ree7 a5 28. bxa5 bxa5 29. Rxc7 Rxc7 30. Rxc7 Ra6 31. Rc8+ Ke7 32. Rc7+ Kd6 33. Rxf7 Kc5 34. Rxg7 h6 35. Rc7+ Kb4 36. c5 Kb5 37. g4 Rc6 38. Ra7 Rxc5 39. Kf3 Rc3+ 40. Kf4 Rc5 41. g5 Rc4+ 42. Kg3 h5 43. Rb7+ Ka6 44. Rb1 Rc3+ 45. Kf4 Rc4+ 46. Kg3 a4 47. Ra1 Kb5 48. Rb1+ Ka5 49. Rb8 Rb4 50. Ra8+ Kb5 51. Kh3 Rb3+ 52. Kg2 a3 53. g6 Rb2+ 54. Kg3 Rb3+ 55. Kf4 Rb4+ 56. Kg5 Ra4 57. Rxa4 Kxa4 58. g7 Kb3 59. g8Q+ Kb2 60. Qb8+ Ka1 61. Qa8 a2 62. Qh1+ Kb2 63. Kxh5 a1Q 64. Qxa1+ Kxa1 65. Kg5 Kb2 66. h5 Kb1 67. h6 Ka1 68. h7 Kb1 69. h8Q Kc2 70. Qd4 Kb1 71. Qc3 Ka2 72. Kf4 Kb1 73. Ke4 Ka2 74. Kd3 Kb1 75. Qd2 Ka1 76. Kc3 Kb1 77. Qb2# 1-0

[Event "IECC KO email"]
[Site "IECC email"]
[Date "2000.05.22"]
[Round "?"]
[White "MacDonald, Jim"]
[Black "Gee, Woody"]
[Result "1-0"]
[WhiteElo "1387"]
[BlackElo "1132"]
[PlyCount "57"]
[EventDate "2000.??.??"]
[EventType "tourn (corr)"]
[EventRounds "6"]
[SourceTitle "Corr 2008"]
[Source "ChessBase"]
[SourceDate "2008.06.24"]
[SourceVersion "1"]
[SourceVersionDate "2008.06.24"]
[SourceQuality "1"]

1. e4 e5 2. Nf3 Bd6 3. Bc4 Nh6 4. d4 Qf6 5. Bg5 Qg6 6. dxe5 Bc5 7. Nc3 0-0 8. Nd5 Qxe4+ 9. Qe2 Qxe2+ 10. Bxe2 Nf5 11. Nxc7 h6 12. Bd2 Na6 13. Nxa8 d6 14. Bxa6 bxa6 15. Nc7 Bb6 16. Nd5 Bc5 17. 0-0-0 Be6 18. c4 Bxf2 19. exd6 Nxd6 20. Bb4 Rd8 21. Bxd6 Bxd5 22. Rxd5 a5 23. Rhd1 Be3+ 24. Kc2 a4 25. Bc5 Bxc5 26. Rxd8+ Kh7 27. R1d5 Bb6 28. c5 Bxd8 29. Rxd8 1-0

[Event "IECC CL6-2000.04"]
[Site "IECC email"]
[Date "1999.11.15"]
[Round "?"]
[White "Gee, Woody"]
[Black "Gorissen, Peter"]
[Result "0-1"]
[WhiteElo "1243"]
[BlackElo "1385"]
[PlyCount "66"]
[EventDate "2000.??.??"]
[EventType "tourn (corr)"]
[EventRounds "4"]
[SourceTitle "Corr 2008"]
[Source "ChessBase"]
[SourceDate "2008.06.24"]
[SourceVersion "1"]
[SourceVersionDate "2008.06.24"]
[SourceQuality "1"]

1. e4 e5 2. Qh5 Nc6 3. Bc4 g6 4. Qf3 Nf6 5. d3 Nd4 6. Qd1 b5 7. Bb3 Nxb3 8. axb3 Bb4+ 9. Bd2 Bxd2+ 10. Qxd2 0-0 11. Nh3 d5 12. exd5 Nxd5 13. Na3 c6 14. Qh6 f6 15. 0-0-0 Qb6 16. Rhe1 Bxh3 17. Qxh3 Qxf2 18. Qe6+ Kh8 19. Qxc6 Ne3 20. Qc5 Nxd1 21. Qxf2 Nxf2 22. Re2 b4 23. Nb5 a6 24. Nc7 Rac8 25. Nxa6 Nxd3+ 26. Kb1 Nf4 27. Rf2 Rfd8 28. Rf1 Nd5 29. c3 bxc3 30. bxc3 Nxc3+ 31. Ka1 Rd2 32. Nb4 Ra8+ 33. Na2 Raxa2# 0-1

[Event "IECC CL6-2000.04"]
[Site "IECC email"]
[Date "1999.11.15"]
[Round "?"]
[White "Hulse, David"]
[Black "Gee, Woody"]
[Result "0-1"]
[WhiteElo "1312"]
[BlackElo "1253"]
[PlyCount "28"]
[EventDate "2000.??.??"]
[EventType "tourn (corr)"]
[EventRounds "4"]
[SourceTitle "Corr 2008"]
[Source "ChessBase"]
[SourceDate "2008.06.24"]
[SourceVersion "1"]
[SourceVersionDate "2008.06.24"]
[SourceQuality "1"]

1. e4 e5 2. f4 exf4 3. Nf3 Qe7 4. Nc3 d6 5. d4 f5 6. e5 Nc6 7. Nd5 Qf7 8. Bc4 Be6 9. Nxc7+ Qxc7 10. Bxe6 dxe5 11. Bxg8 Rxg8 12. Qe2 0-0-0 13. dxe5 Nd4 14. 0-0 Nxe2+ 0-1

[Event "IECC M email"]
[Site "IECC email"]
[Date "1999.11.07"]
[Round "?"]
[White "Gee, Woody"]
[Black "Cunningham, Don"]
[Result "0-1"]
[WhiteElo "1284"]
[BlackElo "868"]
[PlyCount "34"]
[EventDate "1999.??.??"]
[EventType "tourn (corr)"]
[EventRounds "6"]
[SourceTitle "Corr 2008"]
[Source "ChessBase"]
[SourceDate "2008.06.24"]
[SourceVersion "1"]
[SourceVersionDate "2008.06.24"]
[SourceQuality "1"]

1. e4 e5 2. Qh5 Qe7 3. d3 Nf6 4. Qf3 Qe6 5. Bg5 Be7 6. Bxf6 Bxf6 7. Ne2 Nc6 8. Nbc3 Nb4 9. 0-0-0 Nxa2+ 10. Nxa2 Qxa2 11. g3 Bg5+ 12. Nf4 exf4 13. d4 Qa1+ 14. Kd2 Qxb2 15. Qb3 Qxd4+ 16. Qd3 fxg3+ 17. Ke2 Qxf2# 0-1

[Event "IECC Swiss email"]
[Site "IECC email"]
[Date "1999.05.30"]
[Round "?"]
[White "Gee, Woody"]
[Black "Jobe, Tom B"]
[Result "0-1"]
[WhiteElo "1310"]
[BlackElo "1687"]
[PlyCount "60"]
[EventDate "1999.??.??"]
[EventType "tourn (corr)"]
[EventRounds "6"]
[SourceTitle "Corr 2008"]
[Source "ChessBase"]
[SourceDate "2008.06.24"]
[SourceVersion "1"]
[SourceVersionDate "2008.06.24"]
[SourceQuality "1"]

1. e4 c5 2. Qh5 d6 3. Bc4 g6 4. Qf3 Nf6 5. d3 Nc6 6. b3 Bg7 7. Nh3 Nd4 8. Qd1 Bg4 9. f3 Nxf3+ 10. gxf3 Bxh3 11. f4 Bg4 12. Qd2 Nxe4 13. dxe4 Bxa1 14. c3 Qa5 15. a4 0-0-0 16. Bxf7 Bf3 17. Rg1 Bxe4 18. Qa2 Bxc3+ 19. Nxc3 Qxc3+ 20. Bd2 Qd4 21. Rg3 Rhf8 22. Be6+ Kb8 23. a5 Bd5 24. Bg4 e5 25. f5 gxf5 26. Bh5 f4 27. Rh3 f3 28. Bxf3 Rxf3 29. Rxf3 Bxf3 30. Qa4 Qg1# 0-1

[Event "IECC KO email"]
[Site "IECC email"]
[Date "1999.05.29"]
[Round "?"]
[White "Miller, Robert A"]
[Black "Gee, Woody"]
[Result "1-0"]
[WhiteElo "1598"]
[BlackElo "1294"]
[PlyCount "89"]
[EventDate "1999.??.??"]
[EventType "tourn (corr)"]
[EventRounds "6"]
[SourceTitle "Corr 2008"]
[Source "ChessBase"]
[SourceDate "2008.06.24"]
[SourceVersion "1"]
[SourceVersionDate "2008.06.24"]
[SourceQuality "1"]

1. c4 e5 2. Nc3 c6 3. Nf3 Qf6 4. d4 exd4 5. Bg5 Qf5 6. Qxd4 h6 7. Bd2 c5 8. Qd5 Qxd5 9. Nxd5 Na6 10. Bc3 d6 11. e4 Be6 12. Be2 Bxd5 13. cxd5 Nf6 14. Bxf6 gxf6 15. Bxa6 bxa6 16. Nd2 Be7 17. 0-0 Rg8 18. Rfe1 Rb8 19. Nc4 Rg4 20. f3 Rf4 21. Re3 Rb4 22. g3 Rxf3 23. Rxf3 Rxc4 24. Re1 a5 25. Rf5 Rc2 26. Rf2 Rxf2 27. Kxf2 Kd7 28. Re3 a4 29. Ra3 f5 30. Rxa4 Bf6 31. Rxa7+ Ke8 32. exf5 Bxb2 33. Kf3 Bd4 34. Ke4 Bf2 35. a4 c4 36. Rc7 Bg1 37. Rxc4 Bxh2 38. a5 Bxg3 39. Rc2 h5 40. a6 h4 41. a7 h3 42. a8Q+ Ke7 43. Rc7+ Kf6 44. Qg8 h2 45. Rxf7# 1-0

[Event "IECC KO email"]
[Site "IECC email"]
[Date "1999.02.15"]
[Round "1"]
[White "Stenstrup, Claus"]
[Black "Gee, Woody"]
[Result "1-0"]
[WhiteElo "1240"]
[BlackElo "1343"]
[PlyCount "33"]
[EventDate "1999.??.??"]
[EventType "tourn (corr)"]
[EventRounds "6"]
[SourceTitle "Corr 2008"]
[Source "ChessBase"]
[SourceDate "2008.06.24"]
[SourceVersion "1"]
[SourceVersionDate "2008.06.24"]
[SourceQuality "1"]

1. e4 e5 2. Nf3 Qe7 3. Bc4 Nf6 4. Ng5 h6 5. Nxf7 Rh7 6. Nc3 c6 7. Qe2 b5 8. d4 exd4 9. e5 Nh5 10. Ne4 Qb4+ 11. c3 dxc3 12. bxc3 Qa5 13. Qxh5 bxc4 14. Nfd6+ Kd8 15. Qe8+ Kc7 16. Qxc8+ Kb6 17. Qb7# 1-0

[Event "IECC KO email"]
[Site "IECC email"]
[Date "1998.11.15"]
[Round "1"]
[White "Gee, Woody"]
[Black "Howie, Andrew"]
[Result "0-1"]
[WhiteElo "1384"]
[BlackElo "916"]
[PlyCount "60"]
[EventDate "1998.??.??"]
[EventType "tourn (corr)"]
[EventRounds "6"]
[SourceTitle "Corr 2008"]
[Source "ChessBase"]
[SourceDate "2008.06.24"]
[SourceVersion "1"]
[SourceVersionDate "2008.06.24"]
[SourceQuality "1"]

1. e4 c5 2. d4 cxd4 3. Qxd4 Nc6 4. Qc3 e6 5. Bb5 Bb4 6. Bxc6 Bxc3+ 7. Nxc3 dxc6 8. Be3 Nf6 9. Rd1 Qa5 10. Nf3 Qb4 11. 0-0 Qxb2 12. Rd2 Qxc3 13. Rfd1 Bd7 14. Bd4 Qa5 15. Bxf6 gxf6 16. Rxd7 0-0 17. Rxb7 Rfd8 18. Rdd7 Qxa2 19. h3 Rxd7 20. Rxd7 Qxc2 21. Nd2 f5 22. Kh2 fxe4 23. h4 Qc5 24. Nxe4 Qe5+ 25. g3 Qxe4 26. h5 Qe5 27. Kg2 Qxh5 28. f4 Rb8 29. Rxa7 Rb2+ 30. Kg1 Qd5 0-1